000 00414nam a22001697a 4500
005 20200518151844.0
008 200518b xxu||||| |||| 00| 0 eng d
020 _a9789384875336
041 _aeng
082 _a619.35
100 _aMisal Ravi B
_95548
245 _aPharmaceutical Jurisprudence
260 _aModinagar (UP)
_bUnnati Publication
_c2019
300 _a80
650 _aPharmacy
_95549
942 _cBK
999 _c6294
_d6292